Polarography: Polarographic analysis and voltammetry amperometric titrations (Record no. 21869)

MARC details
000 -LEADER
fixed length control field 00354nam a2200121Ia 4500
082 ## - DEWEY DECIMAL CLASSIFICATION NUMBER
Classification number 543.253
Item number KOL
100 ## - MAIN ENTRY--AUTHOR NAME
Personal name Kolthoff, I M
245 #0 - TITLE STATEMENT
Title Polarography: Polarographic analysis and voltammetry amperometric titrations
260 ## - PUBLICATION, DISTRIBUTION, ETC. (IMPRINT)
Place of publication New York
Name of publisher Interscience
Year of publication 1946
700 ## - ADDED ENTRY--PERSONAL NAME
Personal name Lingane, J J
942 ## - ADDED ENTRY ELEMENTS (KOHA)
Koha item type Books
Holdings
Withdrawn status Lost status Damaged status Not for loan Home library Current library Date acquired Full call number Accession Number Koha item type
        RRII Library RRII Library 16/12/2021 543.253 KOL 02586 Books